Statistiques concernant Les 90 premiers mots du cours de droit commercial

Cliquez ici pour prendre le quiz!

Statistiques générales

  • Ce quiz a été pris 92 fois
  • Le résultat moyen est 37 sur 91

Statistiques - réponses

HintRéponse% Correct
25d'
96%
28d'
96%
73droit
92%
3droit
92%
27droit
92%
9droit
92%
49droit
92%
60a
90%
45à
90%
75a
90%
47à
90%
35à
90%
2le
89%
72Le
89%
4commercial
82%
74commercial
82%
22s'
79%
32s'
79%
12s'
79%
53de
68%
42de
68%
8de
68%
19de
68%
61de
68%
5est
67%
85est
67%
84n'
62%
58n'
62%
26un
62%
16et
61%
81en
54%
50en
54%
69une
54%
36une
54%
6une
54%
34qu'
48%
85qu'
48%
83ce
46%
48ce
46%
31il
46%
57il
46%
21il
46%
86au
45%
78que
43%
11qui
40%
39On
39%
52dans
30%
65aux
29%
14aux
29%
17aux
29%
30car
27%
7branche
26%
59y
26%
24donc
25%
10privé
23%
66commerçants
19%
15commerçants
19%
23agit
18%
13applique
17%
33applique
17%
43cette
17%
89siècle
17%
82France
15%
20commerces
12%
90sous
11%
88ème
10%
56pays
10%
8719
8%
18actes
8%
67cela
8%
76été
8%
1Introduction
7%
54nombreux
7%
62règles
7%
55autres
6%
38catégorie
6%
37certaine
6%
51effet
4%
29exception
2%
71française
2%
63particulières
1%
68reste
1%
70spécificité
1%
64applicables
0%
41douter
0%
77enseigné
0%
40Pourrait
0%
46recourir
0%
79relativement
0%
80tard
0%
44utilité
0%

Distribution des résultats

Percentile par nombre de réponses

% des personnes avec chaque résultat

Votre développement - résultats

Vous n’avez pas pris ce quiz